00544nam a22001457a 45000050016000000200023000160350013000390370013000522450105000652600045001703000026002159420022002419990017002639520118002802012040702532.0 a0195671775c295.00 aB-106890 aDPLbENG aMuslim Shrines in India :bTheir character, history and significance /cedited by Christian W. Troll aNew DelhibOxford University Pressc2004 axxxii, 327p.c22 cms. 2ddccENh270mMUS c64739d64739 001340708NFICaZLSbZLSd2012-04-07g295.00l0o270 MUSpB-106890r2012-04-07 00:00:00v295.00w2012-04-07yEN